| 000 | 00337nam a2200133Ia 4500 | ||
|---|---|---|---|
| 008 | 190216s9999||||xx |||||||||||||| ||und|| | ||
| 100 | _aSubhash Chandra Rastogi And Satish Kumar Agarwala | ||
| 245 | 0 | _aStudy Of Co-Ordination Compounds | |
| 250 | _a6th Ed. | ||
| 260 |
_bNull _c1969 |
||
| 300 | _a145 | ||
| 650 | _aChemistry | ||
| 942 | _cBK | ||
| 999 |
_c2577 _d2577 |
||